000 00270nam a2200109Ia 4500
008 200302s9999 xx 000 0 und d
100 _aRiberto Ventura
245 _aCasarredo & Design 2
260 _bModello Numa Design Vitorio Prato
260 _c2001
300 _a138 P.,
999 _c1671
_d1671